[Event "V Floripa Chess Open 2019"]
[Site "Florianopolis/SC"]
[Date "2019.01.24"]
[Round "5.67"]
[White "Salvadego, Matheus Henrique De"]
[Black "Campos, Alexandre Ferreira"]
[Result "0-1"]
[WhiteElo "1844"]
[BlackElo "2073"]
[PlyCount "116"]
[EventDate "2019.01.21"]
[EventRounds "10"]
[EventCountry "BRA"]

1. Nf3 f5 2. g3 Nf6 3. Bg2 g6 4. O-O Bg7 5. d4 O-O 6. c4 d6 7. Nc3 Na6 8. Qb3 h6 9. Rd1 Kh7 10. a3 c6 11. Qc2 Qe8 12. d5 cxd5 13. cxd5 Nc5 14. Be3 b6 15. Nd4 Bd7 16. Nc6 e5 17. Nb5 Nxd5 18. Nxd6 Nxe3 19. fxe3 Qe6 20. b4 e4 21. Rac1 Bxc6 22. bxc5 Bd5 23. Qd2 Bb3 24. cxb6 Rad8 25. bxa7 Bxd1 26. Rxd1 Be5 27. Qa5 Bxd6 28. Qb6 Rd7 29. Qc6 Rc7 30. a8=Q Rxa8 31. Qxa8 Bc5 32. Qd8 Qe7 33. Qxe7+ Rxe7 34. a4 Bxe3+ 35. Kf1 Ra7 36. Ra1 Kg7 37. g4 Kf6 38. gxf5 gxf5 39. a5 Ra6 40. Ke1 Bb6 41. Kd1 Kg5 42. Kc2 Rxa5 43. Rxa5 Bxa5 44. Kb3 Bc7 45. Kc4 Bxh2 46. Kd5 Kg4 47. e3 Bg1 48. Bf1 Kf3 49. Ke5 Kg4 50. Kd4 h5 51. Be2+ Kg5 52. Bf1 h4 53. Bh3 Bh2 54. Kd5 Bb8 55. Ke6 f4 56. exf4+ Kxf4 57. Bf1 e3 58. Kf6 h3 0-1

[Event "V Floripa Chess Open 2019"]
[Site "Florianopolis/SC"]
[Date "2019.01.24"]
[Round "5.68"]
[White "Campagnolo, Fabiola"]
[Black "Schiavo, Marcelo Da Silva"]
[Result "0-1"]
[WhiteElo "1797"]
[BlackElo "2070"]
[PlyCount "110"]
[EventDate "2019.01.21"]
[EventRounds "10"]
[EventCountry "BRA"]

1. e4 c5 2. Nf3 d6 3. d4 cxd4 4. Nxd4 Nf6 5. Nc3 a6 6. Bg5 Nc6 7. Nb3 e6 8. f4 Be7 9. Qf3 Qc7 10. O-O-O Rb8 11. g4 b5 12. Bh4 b4 13. g5 bxc3 14. gxf6 cxb2+ 15. Kb1 Bxf6 16. Bxf6 gxf6 17. Rg1 Bb7 18. Qc3 Ke7 19. e5 fxe5 20. fxe5 d5 21. Qc5+ Ke8 22. Nd4 Rc8 23. Bd3 Qe7 24. Qxe7+ Nxe7 25. Rg7 Kf8 26. Rxh7 Rxh7 27. Bxh7 Kg7 28. Bd3 Rh8 29. Nb3 Nc6 30. Nc5 Bc8 31. Rg1+ Kf8 32. Nxa6 Nxe5 33. Nb4 Bd7 34. Rg2 f5 35. Kxb2 Kf7 36. Kb3 Kf6 37. a4 Nxd3 38. cxd3 f4 39. a5 Bb5 40. a6 Ra8 41. Ra2 Ra7 42. Kc3 Ke5 43. h4 d4+ 44. Kd2 Kd6 45. h5 Kc5 46. Nc2 e5 47. h6 Bc6 48. Ra5+ Kd6 49. Nb4 Ba8 50. Rb5 e4 51. Rh5 e3+ 52. Ke2 f3+ 53. Ke1 Rc7 54. Kd1 f2 55. Ke2 Bf3+ 0-1

[Event "V Floripa Chess Open 2019"]
[Site "Florianopolis/SC"]
[Date "2019.01.24"]
[Round "5.69"]
[White "Blank Goncalves, Eduardo"]
[Black "Mesquita, Guilherme"]
[Result "1-0"]
[WhiteElo "2060"]
[BlackElo "1850"]
[PlyCount "111"]
[EventDate "2019.01.21"]
[EventRounds "10"]
[EventCountry "BRA"]

1. d4 Nf6 2. Nf3 g6 3. Bf4 Bg7 4. e3 O-O 5. Be2 d6 6. h3 Nbd7 7. O-O Re8 8. Bh2 e5 9. Re1 e4 10. Nfd2 d5 11. c4 c6 12. Nc3 a6 13. a4 b6 14. b4 Bb7 15. Qb3 Nf8 16. Rac1 Rc8 17. Rc2 Ne6 18. Rb1 Bf8 19. c5 b5 20. Ra2 Re7 21. Rba1 Bh6 22. axb5 cxb5 23. Nf1 Ne8 24. Be5 Bg7 25. Bg3 N8c7 26. Rd1 f5 27. Rad2 Rf7 28. f3 h5 29. Bd6 Qd7 30. Nh2 Bh6 31. f4 Bf8 32. Be5 Bg7 33. g4 Bxe5 34. dxe5 d4 35. Rxd4 Nxd4 36. Rxd4 Qe6 37. Qxe6 Nxe6 38. Rd6 Rc6 39. gxh5 g5 40. fxg5 Nxg5 41. h4 Nf3+ 42. Bxf3 exf3 43. Kf2 f4 44. e4 Rg7 45. Nxf3 Rxd6 46. cxd6 a5 47. Nxb5 axb4 48. Ng5 b3 49. e6 Bc6 50. Nc3 Kf8 51. h6 Ra7 52. Kf3 b2 53. Kxf4 Be8 54. Ke5 Ra3 55. Kf6 Kg8 56. d7 1-0

[Event "V Floripa Chess Open 2019"]
[Site "Florianopolis/SC"]
[Date "2019.01.24"]
[Round "5.70"]
[White "Goncalves, Luiz Osvaldo Cifuen"]
[Black "Souza, Iago Henrique Da Si"]
[Result "0-1"]
[WhiteElo "1788"]
[BlackElo "2060"]
[PlyCount "114"]
[EventDate "2019.01.21"]
[EventRounds "10"]
[EventCountry "BRA"]

1. e4 d5 2. exd5 Qxd5 3. Nc3 Qd6 4. h3 Nf6 5. Nf3 g6 6. d4 c6 7. Bd3 Bg7 8. O-O O-O 9. Re1 Nbd7 10. Ne2 e5 11. dxe5 Nxe5 12. Nxe5 Qxe5 13. c3 Qh5 14. Nd4 Qxd1 15. Rxd1 c5 16. Nf3 Be6 17. Bf4 Rfd8 18. Ng5 Bd5 19. Be2 h6 20. Nf3 Be6 21. a3 Bb3 22. Re1 a6 23. Nd2 Be6 24. Rad1 Nd5 25. Bh2 Nxc3 26. bxc3 Bxc3 27. Ne4 Bxe1 28. Rxe1 c4 29. Be5 b5 30. Bf3 Ra7 31. Bf4 Rd3 32. Nc5 Rxa3 33. Nxe6 fxe6 34. Rxe6 Rxf3 35. gxf3 Kf7 36. Rb6 c3 37. Kf1 g5 38. Be5 c2 39. Rc6 b4 40. Rxc2 b3 41. Rc6 a5 42. Rb6 a4 43. Ba1 Rc7 44. Ke2 Rc1 45. Bd4 Rb1 46. Ra6 b2 47. Bxb2 Rxb2+ 48. Ke3 Rb3+ 49. Ke4 a3 50. f4 Rb4+ 51. Ke5 Rxf4 52. Rxa3 Rxf2 53. Ke4 Kg6 54. Rg3 Kh5 55. Ke3 Ra2 56. Ke4 Kh4 57. Rf3 Rh2 0-1

[Event "V Floripa Chess Open 2019"]
[Site "Florianopolis/SC"]
[Date "2019.01.24"]
[Round "5.71"]
[White "Marques Junior, Marcos Antonio"]
[Black "Ermel, Francisco Roberto"]
[Result "0-1"]
[WhiteElo "1773"]
[BlackElo "2054"]
[PlyCount "122"]
[EventDate "2019.01.21"]
[EventRounds "10"]
[EventCountry "BRA"]

1. d4 Nf6 2. c4 g6 3. Nc3 d5 4. Bg5 Ne4 5. Bh4 Nxc3 6. bxc3 Bg7 7. cxd5 Qxd5 8. Nf3 c5 9. e3 cxd4 10. cxd4 Nc6 11. Be2 O-O 12. O-O Bf5 13. Bg3 Rac8 14. Qb3 Qxb3 15. axb3 a6 16. Rfd1 Bc2 17. Rd2 Bxb3 18. e4 b5 19. Rxa6 Rcd8 20. h3 Ba4 21. d5 Bc3 22. dxc6 Bxd2 23. c7 Rd7 24. Nxd2 Rxd2 25. Bg4 e6 26. Rxe6 Bd1 27. Rd6 Bxg4 28. Rxd2 Be6 29. Rb2 Bc4 30. Rd2 Be6 31. Bd6 f6 32. f4 Kf7 33. g4 Ra8 34. f5 Bc8 35. Bb4 Ra7 36. Rc2 Ra4 37. Rb2 Ra1+ 38. Kf2 Rc1 39. Bd6 Bd7 40. Rb3 Rc6 41. Bg3 Ke7 42. Ke3 Rc4 43. Kd3 Ra4 44. Ke3 Rc4 45. Rd3 Rc6 46. Kd2 Ra6 47. Rc3 Bc8 48. Kd3 Kd7 49. Kd4 Ra4+ 50. Ke3 Ke7 51. Rb3 Ra5 52. Rd3 Bd7 53. h4 Ra6 54. Rc3 Bc8 55. Bf4 b4 56. Rb3 Ra3 57. Rxa3 bxa3 58. e5 a2 59. exf6+ Kxf6 60. fxg6 hxg6 61. Bg5+ Ke6 0-1

[Event "V Floripa Chess Open 2019"]
[Site "Florianopolis/SC"]
[Date "2019.01.24"]
[Round "5.72"]
[White "Ponte Junior, Jacinto"]
[Black "De Vjunior, Liduino Furtado"]
[Result "0-1"]
[WhiteElo "1645"]
[BlackElo "2052"]
[PlyCount "60"]
[EventDate "2019.01.21"]
[EventRounds "10"]
[EventCountry "BRA"]

1. Nf3 f5 2. d4 Nf6 3. g3 g6 4. Bg2 Bg7 5. O-O O-O 6. c4 d6 7. Nc3 Qe8 8. Nd5 Nxd5 9. cxd5 c6 10. Qb3 Kh8 11. Bd2 cxd5 12. Qxd5 Nc6 13. Bc3 f4 14. e4 Bg4 15. Nh4 Be2 16. Bh3 Bxf1 17. Rxf1 fxg3 18. hxg3 e5 19. Kg2 exd4 20. Bd7 Qf7 21. Be6 Qf6 22. Bd2 Rae8 23. Bh3 Re5 24. Qb3 Rxe4 25. Qxb7 Re2 26. Bf4 Ne5 27. Qb5 d3 28. Bxe5 Rxf2+ 29. Rxf2 Qxf2+ 30. Kh1 Bxe5 0-1

[Event "V Floripa Chess Open 2019"]
[Site "Florianopolis/SC"]
[Date "2019.01.24"]
[Round "5.73"]
[White "Lukachewski Junior, Wanderlei"]
[Black "Jenidarchiche, Douglas Rodrigo"]
[Result "1/2-1/2"]
[WhiteElo "2046"]
[BlackElo "1816"]
[PlyCount "119"]
[EventDate "2019.01.21"]
[EventRounds "10"]
[EventCountry "BRA"]

1. d4 Nf6 2. Nf3 c5 3. e3 b6 4. Bd3 Bb7 5. Nbd2 e6 6. c3 d6 7. O-O cxd4 8. exd4 Be7 9. Re1 O-O 10. Nf1 Nbd7 11. h3 Rc8 12. Bf4 Qc7 13. Bh2 a6 14. a4 Qb8 15. Ne3 Bd8 16. Qe2 a5 17. Nc4 Bc7 18. Na3 d5 19. Bxc7 Qxc7 20. Nb5 Qf4 21. Qe3 Qxe3 22. Rxe3 Ba6 23. Nd6 Rc6 24. Nf5 exf5 25. Bxa6 Re6 26. Rae1 Rfe8 27. Rxe6 Rxe6 28. Rxe6 fxe6 29. Ng5 e5 30. Bb7 exd4 31. cxd4 Nf8 32. Kf1 h6 33. Nf3 Ne6 34. g3 Kf8 35. Ke2 Ke7 36. Ke3 g5 37. Ne5 f4+ 38. Kd3 fxg3 39. fxg3 Nc7 40. Ng4 Nxg4 41. hxg4 Kd6 42. Bc8 Ne8 43. b3 Kc7 44. Be6 Nf6 45. Bf5 Kc6 46. Ke3 b5 47. Kd3 bxa4 48. bxa4 Ne8 49. Kc3 Nd6 50. Bd3 Nc8 51. Bb5+ Kd6 52. Be8 Ke7 53. Bb5 Nb6 54. Kd3 Kf6 55. Ke3 Nc8 56. Bc6 Ke6 57. Bb5 Nd6 58. Bd3 Kf6 59. Kd2 Ne8 60. Be2 1/2-1/2

[Event "V Floripa Chess Open 2019"]
[Site "Florianopolis/SC"]
[Date "2019.01.24"]
[Round "5.74"]
[White "Almeida Junior, Alvaro Alves De"]
[Black "Weise, William Ferreira"]
[Result "1/2-1/2"]
[WhiteElo "2039"]
[BlackElo "1778"]
[PlyCount "101"]
[EventDate "2019.01.21"]
[EventRounds "10"]
[EventCountry "BRA"]

1. e4 e6 2. d4 d5 3. Nd2 Nf6 4. e5 Nfd7 5. Bd3 c5 6. c3 Nc6 7. Ne2 cxd4 8. cxd4 f6 9. exf6 Nxf6 10. Nf3 Bd6 11. O-O O-O 12. Bg5 Qc7 13. Bh4 Nh5 14. Nc3 a6 15. g3 g6 16. Re1 Ng7 17. Bg5 Nf5 18. Bxf5 Rxf5 19. Be3 Bd7 20. Nh4 Rh5 21. Ng2 Rf8 22. Rc1 Qb8 23. Rc2 Ne7 24. Bf4 Bxf4 25. Nxf4 Rxf4 26. gxf4 Qxf4 27. f3 Nf5 28. Rg2 Ne3 29. Rxe3 Qxe3+ 30. Kh1 Rh3 31. Rg3 Rxg3 32. hxg3 Qf2 33. g4 Qxb2 34. Qd3 Qc1+ 35. Kg2 Bb5 36. Nxb5 Qb2+ 37. Kg3 Qxb5 38. Qe3 Qc6 39. Qe5 Qc8 40. Qd6 b5 41. Qb6 Kf7 42. Qa7+ Kg8 43. Qb6 h6 44. a3 Kf7 45. Qd6 g5 46. Kh3 a5 47. Kg3 Qb7 48. Qd8 b4 49. Qh8 Qc7+ 50. Kh3 Qc2 51. Qd8 1/2-1/2

[Event "V Floripa Chess Open 2019"]
[Site "Florianopolis/SC"]
[Date "2019.01.24"]
[Round "5.75"]
[White "Pereira, Geanfrancesco"]
[Black "Sosa, Alexandro Brum"]
[Result "1-0"]
[WhiteElo "2028"]
[BlackElo "1807"]
[PlyCount "57"]
[EventDate "2019.01.21"]
[EventRounds "10"]
[EventCountry "BRA"]

1. e4 e6 2. d3 c5 3. Nf3 Nc6 4. g3 g6 5. Bg2 Bg7 6. h4 h6 7. Nc3 d6 8. Be3 Nd4 9. Qd2 Ne7 10. h5 Nxf3+ 11. Bxf3 g5 12. Bg4 f5 13. exf5 exf5 14. Bf3 O-O 15. Rg1 Nc6 16. Bd5+ Kh8 17. f4 g4 18. O-O-O Qf6 19. Rge1 Bd7 20. Qg2 Rfc8 21. Kb1 b5 22. d4 Rab8 23. dxc5 b4 24. Na4 Rb5 25. Bb3 dxc5 26. Rxd7 c4 27. Bxc4 Ra5 28. Bc1 Rxa4 29. Re6 1-0

[Event "V Floripa Chess Open 2019"]
[Site "Florianopolis/SC"]
[Date "2019.01.24"]
[Round "5.76"]
[White "Lima, Vinicius Taishun"]
[Black "Mangialardo, Tiago Carvalho"]
[Result "1/2-1/2"]
[WhiteElo "1585"]
[BlackElo "2021"]
[PlyCount "47"]
[EventDate "2019.01.21"]
[EventRounds "10"]
[EventCountry "BRA"]

1. e4 Nf6 2. e5 Nd5 3. c4 Nb6 4. d4 d6 5. exd6 exd6 6. Be3 Be7 7. Nc3 O-O 8. b3 Re8 9. Nf3 Bg5 10. Nxg5 Qxg5 11. Qf3 Qa5 12. Rc1 Nc6 13. Bd3 Nxd4 14. Qd1 Bf5 15. O-O Bxd3 16. Qxd3 Nc6 17. Nb5 Rac8 18. Bd2 Qa6 19. a4 Nd7 20. Qg3 Qb6 21. b4 a5 22. Bh6 g6 23. Qc3 f6 24. c5 1/2-1/2

[Event "V Floripa Chess Open 2019"]
[Site "Florianopolis/SC"]
[Date "2019.01.24"]
[Round "5.77"]
[White "Nascimento, Pedro Henrique Alve"]
[Black "Peroza, Eduardo Antunes"]
[Result "1/2-1/2"]
[WhiteElo "2015"]
[BlackElo "1745"]
[PlyCount "63"]
[EventDate "2019.01.21"]
[EventRounds "10"]
[EventCountry "BRA"]

1. d4 d5 2. c4 e6 3. Nc3 c6 4. cxd5 exd5 5. Qc2 Nd7 6. Bf4 Ngf6 7. e3 Be7 8. h3 O-O 9. Bd3 Re8 10. Nge2 Nf8 11. O-O Ng6 12. Bg3 Bd6 13. Bxd6 Qxd6 14. Ng3 a6 15. Na4 Rb8 16. Nf5 Bxf5 17. Bxf5 Ne4 18. Bxe4 Rxe4 19. Nc5 Re7 20. Qf5 Rbe8 21. a3 b6 22. Nxa6 Re6 23. Qg4 Re4 24. Qd1 Nh4 25. Kh1 R8e6 26. Nb4 Rg6 27. Rg1 Qe6 28. Rc1 Nxg2 29. Qf3 Rh4 30. Kh2 Qd6+ 31. Kh1 Qe6 32. Kh2 1/2-1/2

[Event "V Floripa Chess Open 2019"]
[Site "Florianopolis/SC"]
[Date "2019.01.24"]
[Round "5.78"]
[White "Brito, Vicente De Paulo Al"]
[Black "Melo, Sergio Roberto Samp"]
[Result "1-0"]
[WhiteElo "1985"]
[BlackElo "1736"]
[PlyCount "52"]
[EventDate "2019.01.21"]
[EventRounds "10"]
[EventCountry "BRA"]

1. e4 e6 2. d4 d5 3. e5 c5 4. c3 Qb6 5. Nf3 Bd7 6. a3 Nh6 7. b4 cxd4 8. cxd4 Bb5 9. Bxb5+ Qxb5 10. Bxh6 gxh6 11. Nc3 Qa6 12. Ne2 Rg8 13. O-O Nd7 14. Qc2 Nb6 15. Qxh7 Rg7 16. Qc2 Rc8 17. Qd2 Be7 18. Qxh6 Rg6 19. Qd2 Nc4 20. Qd3 Kd7 21. Nd2 Rcg8 22. g3 b5 23. f4 Rh6 24. f5 Rhh8 25. Nf3 Qb6 26. Kg2 Qd8 1-0

[Event "V Floripa Chess Open 2019"]
[Site "Florianopolis/SC"]
[Date "2019.01.24"]
[Round "5.79"]
[White "Reichert, Thiago Da Cruz"]
[Black "Tramontini, Renan Cesar"]
[Result "1-0"]
[WhiteElo "1976"]
[BlackElo "1721"]
[PlyCount "83"]
[EventDate "2019.01.21"]
[EventRounds "10"]
[EventCountry "BRA"]

1. d4 c5 2. e3 Nf6 3. Nf3 g6 4. Be2 Bg7 5. O-O O-O 6. c4 d6 7. Nc3 Nbd7 8. Qc2 e5 9. Rd1 Qe7 10. dxe5 Nxe5 11. e4 h6 12. Bf4 g5 13. Bg3 Bg4 14. Nxe5 Bxe2 15. Qxe2 dxe5 16. Nd5 Nxd5 17. Rxd5 Rfd8 18. Rad1 Rxd5 19. Rxd5 Rd8 20. Qg4 Rxd5 21. cxd5 Qc7 22. h4 Bf6 23. f3 c4 24. hxg5 hxg5 25. Kh2 b5 26. Bf2 b4 27. Be3 c3 28. bxc3 bxc3 29. Bxg5 Bxg5 30. Qxg5+ Kf8 31. Qf6 Kg8 32. d6 Qd7 33. Qg5+ Kh7 34. Qe7 Qxe7 35. dxe7 c2 36. e8=Q c1=Q 37. Qxf7+ Kh8 38. Qf6+ Kg8 39. Qxe5 Qh6+ 40. Kg3 a6 41. f4 Qg6+ 42. Kf3 1-0

[Event "V Floripa Chess Open 2019"]
[Site "Florianopolis/SC"]
[Date "2019.01.24"]
[Round "5.80"]
[White "Soares, Renan Barbosa Monte"]
[Black "Silvestre, Gilmar Severino"]
[Result "1-0"]
[WhiteElo "1972"]
[BlackElo "1709"]
[PlyCount "92"]
[EventDate "2019.01.21"]
[EventRounds "10"]
[EventCountry "BRA"]

1. d4 d5 2. c4 e6 3. Nf3 Nf6 4. Nc3 Bd6 5. Bg5 c6 6. e3 Nbd7 7. Qc2 O-O 8. Kd1 Qc7 9. b3 Bb4 10. Bxf6 Nxf6 11. Bd3 Qa5 12. Kc1 Ba3+ 13. Kd1 Bb4 14. Kd2 Ne4+ 15. Bxe4 dxe4 16. Ng1 e5 17. Nge2 exd4 18. Nxd4 Rd8 19. a3 Bxa3 20. Qa2 c5 21. Qxa3 Qxa3 22. Rxa3 cxd4 23. Nxe4 dxe3+ 24. Kxe3 Bf5 25. Ra5 Bg6 26. f3 Re8 27. Kd4 b6 28. Rd5 Re6 29. Nc3 a5 30. Ra1 Rc8 31. Ra2 f6 32. Rd2 Bf7 33. Ne4 Kf8 34. Kc3 Rec6 35. Rd7 b5 36. Nd6 Be6 37. Rb7 b4+ 38. Kb2 Rd8 39. Ne4 Rxd2+ 40. Nxd2 Bf5 41. Rb5 Ra6 42. f4 Ke7 43. Nf3 Kd6 44. Nd4 g6 45. Re5 Bd7 46. c5+ Kc7 1-0

[Event "V Floripa Chess Open 2019"]
[Site "Florianopolis/SC"]
[Date "2019.01.24"]
[Round "5.81"]
[White "Goncalves, Mateus"]
[Black "Bassani, Jaison Jose"]
[Result "1/2-1/2"]
[WhiteElo "1580"]
[BlackElo "1959"]
[PlyCount "94"]
[EventDate "2019.01.21"]
[EventRounds "10"]
[EventCountry "BRA"]

1. e4 c5 2. Nf3 a6 3. d4 cxd4 4. Nxd4 Nf6 5. Nc3 e5 6. Nde2 Bc5 7. Ng3 O-O 8. Bc4 d6 9. h3 Be6 10. Bb3 Nc6 11. O-O Na5 12. Be3 Nxb3 13. axb3 Bxe3 14. fxe3 d5 15. exd5 Nxd5 16. Nxd5 Qxd5 17. Qxd5 Bxd5 18. Ra5 Be6 19. Rxe5 Rac8 20. Rf2 Rfd8 21. Nf5 Bxf5 22. Rexf5 f6 23. e4 Rd1+ 24. Kh2 Re1 25. Rd5 Rc7 26. Rfd2 Rxe4 27. c3 Kf7 28. Rd7+ Re7 29. Rxc7 Rxc7 30. Kg3 Ke6 31. b4 Rd7 32. Rxd7 Kxd7 33. Kf4 Ke6 34. c4 h5 35. h4 g6 36. g3 Kd6 37. Ke4 Ke6 38. Kf4 Ke7 39. Ke4 Kd6 40. Kf4 Ke6 41. b3 Ke7 42. Ke4 Ke6 43. Kf4 Kd6 44. Ke4 g5 45. Kd4 gxh4 46. gxh4 f5 47. Kd3 Ke5 1/2-1/2

[Event "V Floripa Chess Open 2019"]
[Site "Florianopolis/SC"]
[Date "2019.01.24"]
[Round "5.82"]
[White "Maciel, Diogo Alves"]
[Black "Laperuta, Renan Portes"]
[Result "1-0"]
[WhiteElo "1957"]
[BlackElo "1566"]
[PlyCount "41"]
[EventDate "2019.01.21"]
[EventRounds "10"]
[EventCountry "BRA"]

1. e4 e5 2. Nf3 Nc6 3. Bb5 a6 4. Ba4 Nf6 5. Qe2 d6 6. Bxc6+ bxc6 7. h3 Be7 8. Nc3 O-O 9. d4 exd4 10. Nxd4 Bb7 11. O-O Re8 12. Re1 Kf8 13. Qf3 h6 14. Nf5 c5 15. Bd2 Rb8 16. Nd5 Nxd5 17. exd5 Ba8 18. Bc3 Bg5 19. h4 Bf6 20. Re4 Bxc3 21. bxc3 1-0

[Event "V Floripa Chess Open 2019"]
[Site "Florianopolis/SC"]
[Date "2019.01.24"]
[Round "5.83"]
[White "Flores, Clarice Soares Leit"]
[Black "Bastos, Guilherme Exterhott"]
[Result "0-1"]
[WhiteElo "1406"]
[BlackElo "1956"]
[PlyCount "88"]
[EventDate "2019.01.21"]
[EventRounds "10"]
[EventCountry "BRA"]

1. d4 d5 2. Bf4 c5 3. c3 Nc6 4. e3 Nf6 5. Nf3 Qb6 6. Qb3 c4 7. Qxb6 axb6 8. h3 b5 9. a3 b4 10. Nbd2 bxc3 11. bxc3 Bf5 12. g4 Bg6 13. Nh4 e6 14. a4 Bc2 15. a5 Rxa5 16. Rxa5 Nxa5 17. Be2 Be7 18. Nhf3 Nb3 19. Bd1 Nxd2 20. Nxd2 Bxd1 21. Kxd1 Kd7 22. Kc2 Ra8 23. Rb1 Kc6 24. Nf3 Nd7 25. Nd2 Ra2+ 26. Kd1 Ba3 27. e4 Bb2 28. exd5+ exd5 29. Kc2 Ba1+ 30. Kc1 Bxc3 31. Be3 Bxd2+ 32. Bxd2 b5 33. Kd1 Nb6 34. f4 Ra3 35. h4 Rd3 36. Ke2 Rxd4 37. Be3 Rd3 38. f5 d4 39. Bf2 Nd5 40. Rc1 Nc3+ 41. Ke1 b4 42. Kf1 Kc5 43. Ke1 b3 44. Kf1 b2 0-1

[Event "V Floripa Chess Open 2019"]
[Site "Florianopolis/SC"]
[Date "2019.01.24"]
[Round "5.84"]
[White "Amaral, Danilo Tokechi"]
[Black "Rodrigues, Nei Jorge"]
[Result "0-1"]
[WhiteElo "1360"]
[BlackElo "1949"]
[PlyCount "64"]
[EventDate "2019.01.21"]
[EventRounds "10"]
[EventCountry "BRA"]

1. e4 c5 2. Nf3 e6 3. d3 Nc6 4. g3 Nge7 5. Bg2 g6 6. O-O Bg7 7. Re1 d6 8. Nc3 O-O 9. Bf4 Nd4 10. Qd2 Re8 11. e5 dxe5 12. Bxe5 f6 13. Bf4 e5 14. Bh6 Bxh6 15. Qxh6 Nxc2 16. Rxe5 Nf5 17. Rxe8+ Qxe8 18. Qf4 Nxa1 19. Nd5 Qf7 20. Nc7 Qxa2 21. Nxa8 Be6 22. Qb8+ Kg7 23. Qxb7+ Kh6 24. h4 Bd5 25. Qb8 Qb1+ 26. Kh2 Qxd3 27. g4 Bxf3 28. Qf4+ Kg7 29. Bxf3 Qd6 30. Qxd6 Nxd6 31. Kg1 Nc4 32. b4 Kf8 0-1

[Event "V Floripa Chess Open 2019"]
[Site "Florianopolis/SC"]
[Date "2019.01.24"]
[Round "5.85"]
[White "Ramos, Angelo Bil"]
[Black "Rodrigues Mota, Romulo Cardoso S"]
[Result "1-0"]
[WhiteElo "1948"]
[BlackElo "1494"]
[PlyCount "38"]
[EventDate "2019.01.21"]
[EventRounds "10"]
[EventCountry "BRA"]

1. e4 c5 2. Nf3 d6 3. c3 Nf6 4. Be2 g6 5. O-O Bg7 6. Bb5+ Bd7 7. Bxd7+ Nbxd7 8. Re1 Qc7 9. d4 O-O 10. d5 Rfc8 11. Na3 a6 12. c4 Rab8 13. Qe2 h6 14. h3 Kh7 15. Rb1 b6 16. Bf4 Re8 17. g4 h5 18. e5 hxg4 19. hxg4 Kg8 1-0

[Event "V Floripa Chess Open 2019"]
[Site "Florianopolis/SC"]
[Date "2019.01.24"]
[Round "5.86"]
[White "Ferraz, Joao Vitor Koenig"]
[Black "Cardoso, Andre Felipe De Lim"]
[Result "0-1"]
[WhiteElo "1711"]
[BlackElo "1948"]
[PlyCount "30"]
[EventDate "2019.01.21"]
[EventRounds "10"]
[EventCountry "BRA"]

1. d4 Nf6 2. c4 e6 3. Nc3 Bb4 4. e3 c5 5. Nf3 O-O 6. Bd3 d5 7. a3 Bxc3+ 8. bxc3 dxc4 9. Bxc4 Qc7 10. Qe2 cxd4 11. cxd4 b5 12. Ba2 Qc6 13. Qd2 a6 14. O-O Bb7 15. Bb3 Ne4 0-1

[Event "V Floripa Chess Open 2019"]
[Site "Florianopolis/SC"]
[Date "2019.01.24"]
[Round "5.89"]
[White "Pereira, Armando Scharlau"]
[Black "Do Valle Cardoso, Lucas"]
[Result "0-1"]
[WhiteElo "1760"]
[BlackElo "2143"]
[PlyCount "61"]
[EventDate "2019.01.21"]
[EventRounds "10"]
[EventCountry "BRA"]

1. d4 Nf6 2. c4 g6 3. Nc3 d5 4. Bf4 Bg7 5. e3 O-O 6. Nf3 c5 7. Be2 Nc6 8. O-O dxc4 9. dxc5 Qa5 10. Qa4 Qxc5 11. Qxc4 Qxc4 12. Bxc4 Nh5 13. Rac1 Nxf4 14. exf4 Bg4 15. Ng5 Rac8 16. h3 Bd7 17. Rfd1 Be8 18. b3 h6 19. Nf3 Kh7 20. Ne4 Rc7 21. Ng3 Bd7 22. Nh4 Bb2 23. Rc2 Bf6 24. Nf3 Kg7 25. Rcd2 Bc8 26. Ne4 Na5 27. Bf1 Bf5 28. Nxf6 Kxf6 29. Nd4 a6 30. Nxf5 gxf5 31. g3 0-1

[Event "V Floripa Chess Open 2019"]
[Site "Florianopolis/SC"]
[Date "2019.01.24"]
[Round "5.90"]
[White "De Carvalho, Christopher"]
[Black "Takehara, Alan Keissuke"]
[Result "1-0"]
[WhiteElo "2131"]
[BlackElo "1758"]
[PlyCount "87"]
[EventDate "2019.01.21"]
[EventRounds "10"]
[EventCountry "BRA"]

1. d4 d5 2. Nf3 Nf6 3. Bf4 e6 4. e3 Bd6 5. Bg3 O-O 6. Bd3 c5 7. c3 Nc6 8. Nbd2 b6 9. Ne5 Qc7 10. f4 Ne7 11. O-O Re8 12. Qf3 Bb7 13. Bf2 a5 14. Rfe1 Ba6 15. Bc2 g6 16. Qh3 Nf5 17. g4 Ng7 18. Bh4 Nd7 19. Ndf3 f5 20. Ng5 Bxe5 21. fxe5 Nf8 22. Nf3 fxg4 23. Qxg4 Nf5 24. Bf2 Kh8 25. Kh1 cxd4 26. exd4 b5 27. Rg1 b4 28. Nh4 Qf7 29. Nxf5 gxf5 30. Qh3 Ng6 31. Bd1 Kg8 32. Bh5 Kf8 33. Bxg6 hxg6 34. Qh6+ Ke7 35. Rxg6 Rh8 36. Qg5+ Ke8 37. Rg1 Rf8 38. Rg7 Ra7 39. Rxf7 Raxf7 40. Bh4 Kd7 41. Qh6 Bd3 42. Rg7 f4 43. Qf6 Rxg7 44. Qxg7+ 1-0

[Event "V Floripa Chess Open 2019"]
[Site "Florianopolis/SC"]
[Date "2019.01.24"]
[Round "5.107"]
[White "Vieira, Jose Renato Braga S"]
[Black "Setti, Dalmarino"]
[Result "1/2-1/2"]
[WhiteElo "1902"]
[BlackElo "1650"]
[PlyCount "63"]
[EventDate "2019.01.21"]
[EventRounds "10"]
[EventCountry "BRA"]

1. d4 d5 2. c4 e6 3. Nc3 Nf6 4. Nf3 Be7 5. Qc2 Nbd7 6. Bf4 c6 7. cxd5 exd5 8. e3 Nh5 9. Bg3 Nb6 10. Be2 Bg4 11. Ne5 Bxe2 12. Qxe2 Nf6 13. O-O O-O 14. a4 a5 15. Rfd1 Re8 16. Qf3 Rf8 17. b3 Bb4 18. Na2 Be7 19. Rac1 Ne4 20. Nc3 f5 21. Rc2 Nd7 22. Nd3 Qe8 23. Nf4 Bd6 24. Nxe4 fxe4 25. Qg4 Bxf4 26. Bxf4 Nf6 27. Qg5 Qh5 28. Qxh5 Nxh5 29. Be5 Nf6 30. f3 exf3 31. gxf3 Nd7 32. Rf1 1/2-1/2

[Event "V Floripa Chess Open 2019"]
[Site "Florianopolis/SC"]
[Date "2019.01.24"]
[Round "5.108"]
[White "Vega, Rodrigo"]
[Black "De Sousa, Alex Aecio"]
[Result "1-0"]
[WhiteElo "1897"]
[BlackElo "1639"]
[PlyCount "53"]
[EventDate "2019.01.21"]
[EventRounds "10"]
[EventCountry "BRA"]

1. d4 Nf6 2. Nf3 g6 3. c4 d5 4. cxd5 Bg7 5. Nc3 Nxd5 6. e4 Nxc3 7. bxc3 O-O 8. Be3 c5 9. Be2 Nc6 10. O-O Qa5 11. Qb3 Qc7 12. h3 Na5 13. Qb2 b6 14. Rfd1 Bb7 15. d5 f5 16. exf5 Rxf5 17. Ng5 Qe5 18. Ne6 Qxc3 19. Qxc3 Bxc3 20. Rac1 Be5 21. Bxc5 Bxd5 22. Rxd5 Bh2+ 23. Kxh2 Rxd5 24. Bf3 Rxc5 25. Rxc5 Rb8 26. Rc7 Kf7 27. Ng5+ 1-0

[Event "V Floripa Chess Open 2019"]
[Site "Florianopolis/SC"]
[Date "2019.01.24"]
[Round "5.109"]
[White "Souza, Renato Canil De"]
[Black "Marques, Eudes Pinto"]
[Result "0-1"]
[WhiteElo "1639"]
[BlackElo "1896"]
[PlyCount "60"]
[EventDate "2019.01.21"]
[EventRounds "10"]
[EventCountry "BRA"]

1. d4 Nf6 2. c4 e6 3. Nc3 c5 4. d5 d6 5. Nf3 exd5 6. cxd5 a6 7. a4 Bf5 8. Bf4 Nbd7 9. h3 Qa5 10. Nd2 Qb4 11. e3 Nb6 12. Ra3 Be7 13. Rb3 Qa5 14. Nc4 Nxc4 15. Bxc4 Qc7 16. O-O O-O 17. Re1 Ne4 18. Nxe4 Bxe4 19. f3 Bg6 20. e4 f6 21. e5 fxe5 22. Bxe5 Kh8 23. Bg3 Bf6 24. Kh1 Rae8 25. Re6 Rd8 26. Re1 Rde8 27. Rbe3 Rxe3 28. Rxe3 Qd8 29. Re6 Qc7 30. b3 Bf5 0-1